| 000 | 00373nam a2200157Ia 4500 | ||
|---|---|---|---|
| 008 | 230524s9999 xx 000 0 und d | ||
| 082 |
_a627.52 _bSAH |
||
| 100 |
_aS.R. Sahasrabudhe _942045 |
||
| 245 | 0 | _aIrrigation Engineering | |
| 250 | _a9 | ||
| 260 |
_aNew Delhi _bKatson _c2010 |
||
| 300 | _a429p; | ||
| 500 | _aQuantity Number: 1 | ||
| 650 | _aCivil | ||
| 942 | _cBK | ||
| 999 |
_c56462 _d56462 |
||